| Поле | Название | Значение |
| |
Тип записи |
a |
| |
Библиографический уровень |
m |
| 001 |
Контрольный номер |
6840294ded7e49d5bb5202c4140d2a65 |
| 005 |
Дата корректировки |
20140623165229.7 |
| 010 |
Индекс ISBN |
__ |
| a |
ISBN |
5-9571-0006-4 |
| 101 |
Язык документа |
0_ |
| a |
Язык текста |
rus |
| 102 |
Страна публикации |
__ |
| a |
Страна публикации |
RU |
| 200 |
Заглавие и сведения об ответственности |
1_ |
| a |
Заглавие |
Территориальная стратифицированность экономического пространства: особенности и типология |
| e |
Сведения, относящиеся к заглавию |
монография |
| f |
Первые сведения об ответственности |
Сергей Алексеевич Шанин ; ред. Ю. С. Колесников |
| g |
Последующие сведения об ответственности |
М-во образования РФ, Белгород. гос. ун-т |
| 210 |
Выходные данные |
1_ |
| c |
Издательство |
Изд- во БелГУ |
| a |
Место издания |
Белгород |
| d |
Дата издания |
2003 |
| 215 |
Физическое описание |
__ |
| a |
Объем |
107, [1] с. |
| 607 |
Географические рубрики |
__ |
| a |
Географическое наименование |
филиал |
| b |
|
Белгород |
| 610 |
Ключевые слова |
0_ |
| a |
Ключевые слова |
РЕГИОНАЛИСТИКА РОССИИ, РЕГИОНАЛЬНАЯ ЭКОНОМИКА |
| 686 |
Индексы других классификаций |
__ |
| a |
Классификационный индекс |
65.049(2) |
| 2 |
Код системы |
rubbk |
| 700 |
Автор |
_1 |
| a |
Фамилия |
Шанин |
| g |
Полное личное имя |
Сергей Алексеевич |
| 702 |
Вторичная интеллектуальная ответственность |
_1 |
| a |
Фамилия |
Колесников |
| b |
Имя |
Ю. С. |
| 4 |
Код отношения |
340 |
| 711 |
Наименование организации. (Альтернативная ответственность) |
02 |
| a |
Организация/ юрисдикция |
М-во образования РФ |
| 711 |
Наименование организации. (Альтернативная ответственность) |
02 |
| a |
Организация/ юрисдикция |
Белгород. гос. ун-т |
| 801 |
Источник записи |
_0 |
| a |
Страна |
RU |
| b |
Организация |
РУК |
| c |
Дата составления |
20070314 |
| g |
Правила каталогизации |
PSBO |
| 801 |
Источник записи |
_1 |
| a |
Страна |
RU |
| b |
Организация |
РУК |
| c |
Дата составления |
20070314 |
| g |
Правила каталогизации |
PSBO |
| 852 |
Данные о местонахождении |
__ |
| j |
Шифр хранения |
ББК 65.04 |
| i |
Авторский знак |
Ш 20 |
| 901 |
Тип документа |
__ |
| t |
Тип документа |
m |
| 938 |
Служебная информация |
__ |
| a |
Название организации |
Головной вуз |
| b |
Имя БД |
BOOK |
| c |
Название АИБС |
АИБС ИРБИС |